Central Library OPAC University of Rajshahi

John Henry Newman, our way to certitude : (Record no. 29566)

MARC details
000 -LEADER
fixed length control field 00818nam a22002531 4500
001 - CONTROL NUMBER
control field 29566
003 - CONTROL NUMBER IDENTIFIER
rucl marc code BD-RjUL
005 - DATE AND TIME OF LATEST TRANSACTION
control field 20211209051428.0
008 - FIXED-LENGTH DATA ELEMENTS--GENERAL INFORMATION
fixed length control field 140403s1957 ne b 001 0 eng
035 ## - SYSTEM CONTROL NUMBER
System control number (BD-RjUL)29651
System control number (OCoLC)1847726
040 ## - CATALOGING SOURCE
Original cataloging agency DLC
Transcribing agency MiMtpT
Modifying agency DLC
-- BD-RjUL
Language of cataloging eng
041 ## - LANGUAGE CODE
Language code of text/sound track or separate title eng
082 04 - DEWEY DECIMAL CLASSIFICATION NUMBER
Edition number 22
Classification number 230.2
Author mark and year ZEJ 1957
100 0# - MAIN ENTRY--PERSONAL NAME
Personal name Zeno,
9 (RLIN) 90105
245 00 - TITLE STATEMENT
Title John Henry Newman, our way to certitude :
Remainder of title an introduction to Newman's psychological discovery, the illative sense and his Grammar of assent /
Statement of responsibility, etc. Zeno.
260 ## - PUBLICATION, DISTRIBUTION, ETC. (IMPRINT)
Place of publication, distribution, etc. Leiden :
Name of publisher, distributor, etc. E. J. Brill,
Date of publication, distribution, etc. 1957.
300 ## - PHYSICAL DESCRIPTION
Pagination xiv, 279 p. ;
Size 25 cm.
504 ## - BIBLIOGRAPHY, ETC. NOTE
Bibliography, etc Bibliography: p. [271]-274. and index.
600 10 - SUBJECT ADDED ENTRY--PERSONAL NAME
Personal name Newman, John Henry,
Dates associated with a name 1801-1890.
942 ## - ADDED ENTRY ELEMENTS (KOHA)
Source of classification or shelving scheme Dewey Decimal Classification
Koha item type Books
Holdings
Lost status Source of classification or shelving scheme Damaged status Not for loan Collection code Permanent Location Current Location Shelving location Date acquired Source of acquisition Cost, normal purchase price Total Checkouts Full call number Date last seen Copy number Koha item type
  Dewey Decimal Classification   Added to bundle Non-fiction Central Library, University of Rajshahi Central Library, University of Rajshahi Reading Room 23/02/1970 Zeit. 0.00   230.2 ZEJ 1957 03/04/2014 C-1 Books